000 00924pam a2200325 4500
999 _c5547
_d5547
001 5547
003 BD-JhCC
005 20171227164415.0
008 850408s1985 nyua b 001 0 eng
020 _a0394549082 :
_c27.50
035 _aMITb10246194
035 _a(Bd-JhCC)5547
040 _aDLC
_cDLC
_dMYG
041 _aeng
050 0 _aQB721
_b.S34 1985
082 _2523.6
_bSAG 1985
099 _aQB721.S34 1985
100 1 _aSagan, Carl,
_d1934-1996.
245 1 0 _aComet /
_cCarl Sagan and Ann Druyan.
250 _a1st ed.
260 _aNew York :
_bRandom House,
_cc1985.
300 _axiv, 398 p. :
_bill. (some col.) ;
_c27 cm.
500 _aIncludes indexes.
504 _aBibliography: p. 379-384. Includes Illustrations
650 0 _aComets.
651 0 _aHalley's comet.
700 1 _aDruyan, Ann,
_d1949-
942 _2ddc
_cBK
949 _aMYGH
_b39080003511141